Cartas del Mediterráneo Oriental. Una versión turística del dilema entre Jerusalem y Atenas

Uloženo v:
Podrobná bibliografie
Hlavní autor: Burucúa, José Emilio
Médium: Neznámo
Jazyk:angličtina
Vydáno: Buenos Aires, Argentina. Adriana Hidalgo, 2012
Vydání:1a. edición Argentina
Témata:
Tagy: Přidat tag
Žádné tagy, Buďte první, kdo vytvoří štítek k tomuto záznamu!

MARC

LEADER 00000 a2200000 4500
003 CL-VaPUC
005 20250226152954.0
008 210510b ||||| |||| 00| 0 eng d
999 |c 432924  |d 432922 
020 |a 978-987-1556-96-0 
040 |c Pontificia Universidad Católica de Valparaíso 
082 |a 910.4 BUR 2012 
100 |a Burucúa, José Emilio  |9 860857 
245 |a Cartas del Mediterráneo Oriental.  |b Una versión turística del dilema entre Jerusalem y Atenas  
250 |a 1a. edición Argentina  
260 |a Buenos Aires, Argentina.   |b Adriana Hidalgo,  |c 2012 
300 |a 168 páginas  
583 |k Cristina Rojas  |c 20210511 
650 0 |a Narrativa argentina  |9 529625 
650 0 |a Relatos de viajes  |9 445424 
942 |2 ddc  |c BK 
952 |0 0  |1 0  |2 ddc  |4 0  |6 910_400000000000000_BUR_2012  |7 0  |8 A  |9 578029  |a BIBART  |b BIBART  |d 2021-06-07  |e 135  |g 15000.00  |i 5584000  |o 910.4 BUR 2012  |p 5584000  |r 2025-03-13  |t 1  |v 15000.00  |w 2021-06-07  |y BK  |k ART